[Event "BAN-chT"]
[Site "Dhaka"]
[Date "2015.12.13"]
[Round "8.3"]
[White "Hossain, Enamul"]
[Black "Dewan, Riad"]
[Result "1-0"]
[WhiteElo "2450"]
[BlackElo "2020"]
[PlyCount "75"]
[EventDate "2015.12.06"]
[EventType "team-tourn"]
[EventRounds "9"]
[EventCountry "BAN"]
[SourceTitle "EXT 2017"]
[Source "ChessBase"]
[SourceDate "2016.10.25"]
[SourceVersion "1"]
[SourceVersionDate "2016.10.25"]
[SourceQuality "1"]
[WhiteTeam "Bangladesh Navy"]
[BlackTeam "Pathagar Sultana Kamal"]
[WhiteTeamCountry "BAN"]
[BlackTeamCountry "BAN"]

1. e4 c6 2. d4 d5 3. Nc3 dxe4 4. Nxe4 Bf5 5. Ng3 Bg6 6. h4 h6 7. Nf3 Nd7 8. h5 Bh7 9. Bd3 Bxd3 10. Qxd3 Ngf6 11. Bd2 e6 12. 0-0-0 Bd6 13. Ne4 Nxe4 14. Qxe4 Qb6 15. Ne5 Nf6 16. Qd3 c5 17. Nc4 Qc7 18. Nxd6+ Qxd6 19. Qb5+ Qc6 20. Qxc6+ bxc6 21. dxc5 Rd8 22. f3 Rd5 23. Be3 Ke7 24. g4 Rhd8 25. Rxd5 Rxd5 26. c4 Rd3 27. Re1 Rd8 28. Kc2 e5 29. Bf2 Nd7 30. b4 a6 31. f4 f6 32. fxe5 Nxe5 33. Rxe5+ fxe5 34. Bh4+ Ke8 35. Bxd8 Kxd8 36. Kd3 Ke7 37. a4 Kf6 38. b5 1-0

[Event "BAN-chT"]
[Site "Dhaka"]
[Date "2015.12.08"]
[Round "3.3"]
[White "Md Abzid, Rahman"]
[Black "Dewan, Riad"]
[Result "1-0"]
[WhiteElo "2020"]
[BlackElo "2020"]
[PlyCount "107"]
[EventDate "2015.12.06"]
[EventType "team-tourn"]
[EventRounds "9"]
[EventCountry "BAN"]
[SourceTitle "EXT 2017"]
[Source "ChessBase"]
[SourceDate "2016.10.25"]
[SourceVersion "1"]
[SourceVersionDate "2016.10.25"]
[SourceQuality "1"]
[WhiteTeam "Sonali Bank Sports"]
[BlackTeam "Pathagar Sultana Kamal"]
[WhiteTeamCountry "BAN"]
[BlackTeamCountry "BAN"]

1. e4 c6 2. d4 d5 3. e5 Bf5 4. g4 Bg6 5. h4 h5 6. g5 e6 7. Bd3 Bxd3 8. Qxd3 g6 9. Ne2 Ne7 10. Ng3 Nd7 11. 0-0 c5 12. c3 a6 13. a4 Nc6 14. Be3 Qb6 15. Nd2 Rc8 16. Rfc1 Be7 17. Kh2 Kf8 18. f4 Kg7 19. Ne2 cxd4 20. Nxd4 Bc5 21. a5 Qc7 22. Nxc6 Bxe3 23. Qxe3 bxc6 24. Qd3 Qa7 25. Qd4 c5 26. Qf2 Qb7 27. b3 Rhd8 28. Re1 Nb8 29. Rab1 Qb5 30. c4 Qb4 31. f5 gxf5 32. g6 fxg6 33. Rg1 Qc3 34. Nf3 Nd7 35. Rbc1 Qd3 36. cxd5 Qxd5 37. Rg3 Nxe5 38. Qb2 f4 39. Rh3 Kh6 40. Qxe5 Qxe5 41. Nxe5 Rd2+ 42. Kg1 Re2 43. Nc4 g5 44. hxg5+ Kxg5 45. Rh2 Rxh2 46. Kxh2 Rb8 47. Nb6 Kf5 48. Rxc5+ Ke4 49. Kg2 Rg8+ 50. Kf2 e5 51. Nc4 Rg5 52. b4 h4 53. b5 axb5 54. Rxe5+ 1-0

[Event "BAN-chT"]
[Site "Dhaka"]
[Date "2015.12.07"]
[Round "2.3"]
[White "Dewan, Riad"]
[Black "Chatterjee, Debaraj"]
[Result "1-0"]
[WhiteElo "2020"]
[BlackElo "2292"]
[PlyCount "99"]
[EventDate "2015.12.06"]
[EventType "team-tourn"]
[EventRounds "9"]
[EventCountry "BAN"]
[SourceTitle "EXT 2017"]
[Source "ChessBase"]
[SourceDate "2016.10.25"]
[SourceVersion "1"]
[SourceVersionDate "2016.10.25"]
[SourceQuality "1"]
[WhiteTeam "Pathagar Sultana Kamal"]
[BlackTeam "Golden Sporting"]
[WhiteTeamCountry "BAN"]
[BlackTeamCountry "BAN"]

1. e3 g6 2. Nf3 Bg7 3. Be2 Nf6 4. 0-0 0-0 5. d4 c5 6. c4 cxd4 7. exd4 d5 8. Nc3 Nc6 9. Ne5 dxc4 10. Nxc6 bxc6 11. Bxc4 Nd5 12. Qf3 e6 13. Rd1 a5 14. Be3 f5 15. Bf4 g5 16. Be5 g4 17. Qg3 Ra7 18. Bxd5 cxd5 19. Rac1 Bxe5 20. Qxe5 Rg7 21. Ne2 Rb7 22. Rc2 Bd7 23. Rdc1 Qb8 24. Qe3 f4 25. Qd2 a4 26. g3 fxg3 27. hxg3 Kh8 28. Qh6 Qe8 29. Nf4 Qf7 30. Rc7 Rfb8 31. Kg2 Qg7 32. Qxg7+ Kxg7 33. Nxe6+ Kg8 34. Rxb7 Rxb7 35. Rc7 Rxc7 36. Nxc7 Kf7 37. f3 h5 38. fxg4 hxg4 39. Na6 Kf6 40. Kf2 Kf5 41. Ke3 Bc6 42. Nc5 Bb5 43. b3 axb3 44. axb3 Bc6 45. Na4 Bb5 46. Nc3 Bc6 47. b4 Bb7 48. b5 Kg5 49. Na4 Kf5 50. Nc5 1-0

[Event "BAN-chT"]
[Site "Dhaka"]
[Date "2014.11.16"]
[Round "5"]
[White "Barua, PJ Bakul"]
[Black "Dewan, Riad"]
[Result "1-0"]
[WhiteElo "1965"]
[BlackElo "2053"]
[PlyCount "79"]
[EventDate "2014.11.12"]
[EventType "team-tourn"]
[EventRounds "9"]
[EventCountry "BAN"]
[SourceTitle "EXT 2015"]
[Source "ChessBase"]
[SourceDate "2014.11.20"]
[SourceVersion "1"]
[SourceVersionDate "2014.11.20"]
[SourceQuality "1"]
[WhiteTeam "Civil Defense"]
[BlackTeam "Sreejon CC"]
[WhiteTeamCountry "BAN"]
[BlackTeamCountry "BAN"]

1. e4 c6 2. d4 d5 3. Nd2 dxe4 4. Nxe4 Bf5 5. Ng3 Bg6 6. Nf3 Nd7 7. Bc4 e6 8. 0-0 Ngf6 9. Bb3 Be7 10. Re1 0-0 11. c4 c5 12. Nh4 cxd4 13. Nxg6 hxg6 14. Qxd4 Nc5 15. Be3 Qa5 16. Qd1 Rad8 17. Qe2 Qb4 18. Bxc5 Bxc5 19. Rad1 a5 20. Qc2 Rd4 21. Re2 Rfd8 22. Rxd4 Rxd4 23. a3 Qb6 24. h3 Qd6 25. Nf1 Qf4 26. Nd2 g5 27. Nf3 Rd6 28. Ba2 g4 29. hxg4 Nxg4 30. Bb1 g6 31. b4 axb4 32. axb4 Ba7 33. c5 Rc6 34. Qd2 Qc7 35. Qd4 Nh6 36. Rd2 Ra6 37. Qf6 Bb6 38. Bc2 Ng4 39. cxb6 Nxf6 40. bxc7 1-0